|
|
|
|
| LEADER |
00000nam0a2200000 4500 |
| 001 |
271683 |
| 005 |
20231031225427.0 |
| 020 |
|
|
|a RU
|b 87-53936
|
| 035 |
|
|
|a (RuTPU)RU\TPU\book\294885
|
| 090 |
|
|
|a 271683
|
| 100 |
|
|
|a 20141010d1987 km y0rusy5003 ca
|
| 101 |
0 |
|
|a rus
|
| 102 |
|
|
|a BY
|
| 105 |
|
|
|a a z 001zy
|
| 200 |
1 |
|
|a САПР, или Как ЭВМ помогает конструктору
|f Р. И. Фурунжиев, В. А. Гугля, Р. И. Фурунжиев
|
| 210 |
|
|
|a Минск
|c Вышэйшая школа
|d 1987
|
| 215 |
|
|
|a 204 с.
|c ил.
|
| 320 |
|
|
|a Библиогр.: с. 202 (7 назв.)
|
| 320 |
|
|
|a Предм. указ.: с. 203-205
|
| 606 |
1 |
|
|a Автоматизированные системы проектирования
|2 stltpush
|3 (RuTPU)RU\TPU\subj\689
|
| 610 |
1 |
|
|a машиностроительные конструкции
|
| 610 |
1 |
|
|a САПР
|
| 610 |
1 |
|
|a ЭВМ
|
| 610 |
1 |
|
|a оптимизация
|
| 610 |
1 |
|
|a машинная графика
|
| 610 |
1 |
|
|a информация
|
| 610 |
1 |
|
|a подсистемы
|
| 675 |
|
|
|a 658.512.2
|z rus
|v 3
|
| 700 |
|
1 |
|a Фурунжиев
|b Р. И.
|g Решат Ибраимович
|4 070
|
| 701 |
|
1 |
|a Гугля
|b В. А.
|g Виктор Александрович
|
| 701 |
|
1 |
|a Фурунжиев
|b Р. И.
|g Риза Ибраимович
|
| 801 |
|
0 |
|a RU
|b RuMRKP
|c 19950417
|g psbo
|
| 801 |
|
1 |
|a RU
|b 63413507
|c 20141010
|
| 801 |
|
2 |
|a RU
|b 63413507
|c 20170314
|g RCR
|
| 942 |
|
|
|c BK
|